| 000 | 01138nac a22002171u 4500 | ||
|---|---|---|---|
| 008 | 100914t xxu||||| |||| 00| 0 eng d | ||
| 010 | _a 95070653 | ||
| 020 | _a0309053366 | ||
| 082 | 0 | 0 |
_a629.13445 _bIMP |
| 100 |
_a20080729 _919004 |
||
| 110 | 2 |
_aNational Research Council (U.S.). _919005 |
|
| 245 | 1 | 0 |
_aImproved Fire- and Smoke-Resistant Materials for Commercial Aircraft Interiors : _bA Proceedings / _cCommittee on Fire- and Smoke-Resistant Materials for Commercial Aircraft Interiors, National Materials Advisory Board, Commission on Engineering and Technical Systems, National Research Council. |
| 260 |
_aWashington, D.C. : _bNational Academy Press, _c1995. |
||
| 300 |
_aviii, 250 p. : _bill. ; _c28 cm. |
||
| 490 |
_919003 _aPublication NMAB ; _n477-2 |
||
| 504 | _aIncludes bibliographical references. | ||
| 511 | _acatalogued by: wessam | ||
| 650 | 0 |
_aAircraft cabins _xMaterials _xFire testing. _919006 |
|
| 942 |
_cBB _k629.13445IMP _2ddc |
||
| 999 |
_c5309 _d5309 |
||